Squadre di Serie A - A-Z - Statistics

Statistiche generali
  • Questo quiz è stato fatto 278 volte
  • Il punteggio medio è 17 su 18
Statistiche sulle risposte
Lettera Squadra % Corretto
A Alessandria / Ancona / Ascoli / Atalanta / Avellino
100%
B Bari / Benevento / Bologna / Brescia
100%
C Cagliari / Carpi / Casale / Catania / Catanzaro / Cesena / Chievo / Como / Cremonese / Crotone
100%
F Fiorentina / Foggia / Frosinone
100%
M Mantova / Messina / Milan / Modena / Monza
99%
E Empoli
98%
J Juventus
98%
N Napoli / Novara
98%
P Padova / Palermo / Parma / Perugia / Pescara / Piacenza / Pisa / Pistoiese / Pro Patria / Pro Vercelli
98%
R Reggiana / Reggina / Roma
98%
L Lazio / Lecce / Lecco / Legnano / Livorno / Lucchese
97%
S Salernitana / Sampdoria / Sampierdarenese / Sassuolo / Siena / SPAL / Spezia
97%
T Ternana / Torino / Treviso / Triestina
97%
V Varese / Venezia / Vicenza
96%
G Genoa
95%
U Udinese
95%
H Hellas Verona
93%
I Inter
90%
Nessun quiz corrispondente trovato
Distribuzione punteggi
Percentuale di utenti per punteggio
Percentile per numero di risposta
I tuoi punteggi nel tempo
Non hai fatto questo quiz